Wirtschaftssprache im Wandel Eine Forschungsstudie in vier Sprachen, fokussiert auf den Fremdsprachenunterricht

Saved in:
Bibliographic Details
Other Authors: Lišková, Danuša, Štefančík, Radoslav, 1976-, Breveníková, Daniela, Káňa, Tomáš
Format: Book
Language:German
Published: Hamburg Verlag Dr. Kovač 2018
Edition:1. Ausgabe
Series:Lingua Band 40
Subjects:
Tags: Add Tag
No Tags, Be the first to tag this record!

MARC

LEADER 00000nam a2200000 4500
001 0241510
005 20240502083648.1
020 |a 978-3-8300-9822-5 
041 0 |a ger 
044 |a DE 
245 1 0 |a Wirtschaftssprache im Wandel  |b Eine Forschungsstudie in vier Sprachen, fokussiert auf den Fremdsprachenunterricht  |c Danuša Lišková, Radoslav Štefančík (Hrsg.) ; Gutachterinnen: Daniela Breveníková, Tomáš Káňa 
250 |a 1. Ausgabe 
264 1 |a Hamburg  |b Verlag Dr. Kovač  |c 2018 
300 |a [151 s., 9,31 AH] 
490 1 |a Lingua  |v Band 40 
830 0 |a Lingua  |v Band 40 
610 2 0 |a jazyky cudzie 
610 2 0 |a jazyk odborný 
610 2 0 |a nemčina 
610 2 0 |a vyučovanie 
700 1 |a Lišková, Danuša 
700 1 |a Štefančík, Radoslav, 1976- 
700 1 |a Breveníková, Daniela 
700 1 |a Káňa, Tomáš